Los contratos a favor de tercero (Record no. 113577)

MARC details
000 -LEADER
campo de control de longitud fija 00839nam a2200205 4500
001 - NÚMERO DE CONTROL
campo de control 113577
003 - IDENTIFICADOR DE NÚMERO DE CONTROL
campo de control ES-MaACL
005 - FECHA Y HORA DE LA ÚLTIMA TRANSACCIÓN
campo de control 20250727090821.0
007 - CAMPO FIJO DE DESCRIPCIÓN FÍSICA--INFORMACIÓN GENERAL
campo de control de longitud fija t|
008 - DATOS DE LONGITUD FIJA--INFORMACIÓN GENERAL
campo de control de longitud fija 061121s1948 sp r ||||1| spa d
100 1# - ENTRADA PRINCIPAL--NOMBRE DE PERSONA
Nombre de persona Pacchioni, Giovanni.
9 (RLIN) 88109
245 14 - MENCIÓN DEL TÍTULO
Título Los contratos a favor de tercero
Resto del título : estudio de Derecho Romano, Civil y Mercantil /
Mención de responsabilidad, etc. Giovanni Pacchioni ; traducción de la última edición italiana por Francisco Javier Osset.
260 ## - PUBLICACIÓN, DISTRIBUCIÓN, ETC.
Lugar de publicación, distribución, etc. Madrid :
Nombre del editor, distribuidor, etc. Revista de Derecho Privado,
Fecha de publicación, distribución, etc. 1948.
300 ## - DESCRIPCIÓN FÍSICA
Extensión XX, 376 p. ;
Dimensiones 24 cm.
490 1# - MENCIÓN DE SERIE
Mención de serie Monografías fundamentales de derecho privado y público. Serie B ;
Designación de volumen o secuencia 22
700 1# - ENTRADA AGREGADA--NOMBRE PERSONAL
Nombre de persona Osset, Francisco Javier.
9 (RLIN) 87784
830 00 - PUNTO DE ACCESO ADICIONAL DE SERIE-TÍTULO UNIFORME
Título uniforme Monografías fundamentales de derecho privado y público
Designación de volumen o secuencia 22
9 (RLIN) 230222
852 ## - LOCALIZACIÓN
Ubicación ES-MaACL
Número de control de estantería C-4724
Sublocalización o colección R.25173
Holdings
Estatus retirado Estado de pérdida Estado de daño No para préstamo Biblioteca de origen Biblioteca actual Ubicación en estantería Fecha de adquisición Fuente de adquisición Total de préstamos Signatura topográfica completa Código de barras Visto por última vez Precio de reemplazo Tipo de ítem Koha
        Biblioteca del Ateneo de Madrid Biblioteca del Ateneo de Madrid Sala Palomar 17/01/2008     C-4724 1118454 23/02/2023 23/02/2023 Libro impreso